<?xml version="1.0" encoding="UTF-8"?>
<record
    xmlns:xsi="http://www.w3.org/2001/XMLSchema-instance"
    xsi:schemaLocation="http://www.loc.gov/MARC21/slim http://www.loc.gov/standards/marcxml/schema/MARC21slim.xsd"
    xmlns="http://www.loc.gov/MARC21/slim">

  <leader>00794nam a2200157   4500</leader>
  <controlfield tag="003">LK-CoMWRAF</controlfield>
  <controlfield tag="005">20231213210334.0</controlfield>
  <controlfield tag="008">231213b        |||||||| |||| 00| 0 eng d</controlfield>
  <datafield tag="040" ind1=" " ind2=" ">
    <subfield code="a">LK-CoMWRAF</subfield>
    <subfield code="d">LK-CoMWRAF</subfield>
    <subfield code="e">LK-CoMWRAF</subfield>
  </datafield>
  <datafield tag="082" ind1=" " ind2=" ">
    <subfield code="a">343.54</subfield>
    <subfield code="b">SRI</subfield>
  </datafield>
  <datafield tag="245" ind1=" " ind2=" ">
    <subfield code="a">&#xDC1;&#xDCA;&#x200D;&#xDBB;&#xDD3; &#xDBD;&#xD82;&#xD9A;&#xDCF;&#xDC0;&#xDDA; &#xD9A;&#xDCF;&#xDB1;&#xDCA;&#xDAD;&#xDCF; &#xD85;&#xDBA;&#xDD2;&#xDAD;&#xDD2;&#xDC0;&#xDCF;&#xDC3;&#xDD2;&#xD9A;&#xDB8;&#xDCA; &#xDC0;&#xDD9;&#xDB1;&#xDD4;&#xDC0;&#xDD9;&#xDB1;&#xDCA; &#xDC0;&#xDD0;&#xDA9;&#xD9A;&#xDBB;&#xDB1; &#xDC3;&#xD82;&#xDC0;&#xDD2;&#xDB0;&#xDCF;&#xDB1; &#xDC3;&#xDB3;&#xDC4;&#xDCF; &#xDC0;&#xDD2;&#xDB8;&#xDBB;&#xDCA; &#xDC1;&#xDB1; &#xDB8;&#xDD6;&#xDBD;&#xDCF;&#xDC1;&#xDCA;&#x200D;&#xDBB;&#x200D;&#xD9A;&#xDCA; </subfield>
  </datafield>
  <datafield tag="246" ind1=" " ind2=" ">
    <subfield code="a">Sri Lankawe kantha aithiwasikam wenuwen wadakarana sanwidhana sandaha wimarshana moolasrayak</subfield>
  </datafield>
  <datafield tag="260" ind1=" " ind2=" ">
    <subfield code="a">&#xD9A;&#xDDC;&#xDC5;&#xDB9; :</subfield>
    <subfield code="b">&#xD9A;&#xDCF;&#xDB1;&#xDCA;&#xDAD;&#xDCF;&#xDC0; &#xDC3;&#xDC4; &#xDB8;&#xDCF;&#xDB0;&#xDCA;&#x200D;&#xDBA; &#xDC3;&#xDCF;&#xDB8;&#xDD4;&#xDC4;&#xDD2;&#xD9A;&#xDBA;,</subfield>
    <subfield code="c">2018</subfield>
  </datafield>
  <datafield tag="650" ind1=" " ind2=" ">
    <subfield code="a">&#xD9A;&#xDCF;&#xDB1;&#xDCA;&#xDAD;&#xDCF; &#xD85;&#xDBA;&#xDD2;&#xDAD;&#xDD2;&#xDC0;&#xDCF;&#xDC3;&#xDD2;&#xD9A;&#xDB8;&#xDCA; </subfield>
  </datafield>
  <datafield tag="942" ind1=" " ind2=" ">
    <subfield code="c">BK</subfield>
  </datafield>
  <datafield tag="952" ind1=" " ind2=" ">
    <subfield code="0">0</subfield>
    <subfield code="1">0</subfield>
    <subfield code="4">0</subfield>
    <subfield code="7">0</subfield>
    <subfield code="a">MAIN</subfield>
    <subfield code="b">MAIN</subfield>
    <subfield code="d">2023-12-13</subfield>
    <subfield code="l">0</subfield>
    <subfield code="o">343.54 SRI</subfield>
    <subfield code="p">RAF4808</subfield>
    <subfield code="r">2023-12-13</subfield>
    <subfield code="w">2023-12-13</subfield>
    <subfield code="y">BK</subfield>
  </datafield>
  <datafield tag="999" ind1=" " ind2=" ">
    <subfield code="c">4429</subfield>
    <subfield code="d">4429</subfield>
  </datafield>
</record>
